Sessualità e diritti negati: omosessualità e non solo Contributo alla discussione e al confronto elaborato dalla Conferenza Permanente per le Pari Opportunità tra i Generi sulla base del libro di Simona Argentieri, A qualcuno piace uguale, Einaudi

Saved in:
书目详细资料
企业作者: Conferenza Permanente per le Pari Opportunità tra i Generi
格式: 会议录 图书
语言:英语
标签: 添加标签
没有标签, 成为第一个标记此记录!

MARC

LEADER 00000nam a2200000 4500
005 20240529175505.0
008 240529b |||||||| |||| 00| 0 eng d
040 |c GP 
111 |a Conferenza Permanente per le Pari Opportunità tra i Generi 
245 |a Sessualità e diritti negati: omosessualità e non solo  |b Contributo alla discussione e al confronto elaborato dalla Conferenza Permanente per le Pari Opportunità tra i Generi sulla base del libro di Simona Argentieri, A qualcuno piace uguale, Einaudi 
942 |2 ddc  |c BK  |n 0 
952 |0 0  |1 0  |2 ddc  |4 0  |6 323_326400000000000_ARG  |7 1  |9 1317  |a RM  |b RM  |d 2024-05-29  |l 0  |o 323.3264 ARG  |p 124  |r 2024-05-29 17:55:30  |w 2024-05-29  |y BK 
999 |c 1213  |d 1213